| 000 | 00493nam a2200181Ia 4500 | ||
|---|---|---|---|
| 008 | 180207s9999 xx 000 0 und d | ||
| 020 | _a9780736427067 | ||
| 050 | _bM982 2010 | ||
| 100 | _aMurray, Kiel | ||
| 245 | _aToy story 3 : | ||
| 245 | _btoy trouble / | ||
| 245 | _cKiel Murray : pictures by Jean-Paul OrpiƱas ; designed by Winnie Ho. | ||
| 260 | _aNew York : | ||
| 260 | _bDisney Enterprices, Inc. | ||
| 260 | _c2010 | ||
| 300 | _aunpaged : | ||
| 300 | _bcolor illustration ; | ||
| 999 |
_c355291 _d355291 |
||